Capitals of Countries where Portuguese is Official Language - Statistics

General Stats
  • This quiz has been taken 48 times
  • The average score is 6 of 9
Answer Stats
2nd Most Important City Answer % Correct
São Paulo or Rio de Janeiro Brasilia (Brazil)
98%
Porto Lisbon (Portugal)
98%
Huambo Luanda (Angola)
59%
Matola Maputo (Mozambique)
59%
Santo Amaro Sao Tome (Sao Tome and Principe)
59%
Baucau Dili (East Timor)
54%
Mindelo Praia (Cape Verde)
51%
Bafatá Bissau (Guinea-Bissau)
46%
Bata Malabo (Equatorial Guinea)
37%
No matching quizzes found
Score Distribution
Percent of People with Each Score
Percentile by Number Answered
Your Score History
You have not taken this quiz